| 000 | 00409nam a22001217a 4500 | ||
|---|---|---|---|
| 040 | _cRUA | ||
| 082 | _aAUA ROR 2023 A126 Or. | ||
| 100 | _aRORTANA CHEA, | ||
| 245 | _aFoodborne Bacteria In The Cambodian Meat Value Chain.Emphasis On The risk of Salmonella In Chicken And Pork From Traditional Markets to Household Consumption. | ||
| 260 |
_aPHNOM PENH _bRUA _c2023 |
||
| 300 |
_a59p. _bill. _c25cm, |
||
| 942 | _cEK | ||
| 999 |
_c25356 _d25356 |
||